000 00677nam a22002417a 4500
005 20170124110213.0
010 _a923596
020 _c00.00
_a0283984570
035 _a923596
037 _bCen Lib/Ret
040 _aDPL
_bEN
082 _a921
_bNIX
100 _aNixon, Richard
_938506
245 _aThe memoirs of richrad nixon /
_cby Richard Nixon
260 _aLondon
_bSidgwick & Jackson
_c1978
270 _bLondon
300 _axi, 1120p.
_c19cm(Hb)
490 _aIncredible india
500 _aIncludes index
650 _aPolitical science
_938507
650 _z
_aWatergate Affair (1972-1974)
_938508
942 _2ddc
_cEN
_h921
_mNIX
999 _c133640
_d133640